Statistics for Avengers in the MCU

Click here to take the quiz!

General Stats

  • This quiz has been taken 4,653 times
  • The average score is 14 of 16

Answer Stats

HintAnswer% Correct
The Asgardian PrinceThor
100%
The World's first superheroCaptain America
99%
The archer with a perfect aimHawkeye
99%
The rage monsterHulk
99%
The Invincible Armoured manIron Man
99%
King of WakandaBlack Panther
98%
The master assassinBlack Widow
97%
Insect like heroAnt-Man
96%
WebslingerSpider-Man
96%
Bird like heroFalcon
93%
The SpeedsterQuicksilver
88%
The only other being in the films to lift Mjolnir other than the godVision
88%
The mind controllerScarlet Witch
87%
The Man in the silver and black armourWar Machine
83%
Friend who was previously brainwashedWinter Soldier
75%
Former agent of S.H.I.E.L.DSharon Carter
18%

Score Distribution

Percentile by Number Answered

Percent of People with Each Score

Your Score History

You have not taken this quiz